[Event "SV Hattingen 1 - SV Dinslaken 1"]
[Site "NRW-Klasse, Gruppe 1 2012/201"]
[Date "2013.03.10"]
[Round "7.5"]
[White "Cebulla, Konstantin"]
[Black "Lindner-Emden, Carsten"]
[Result "0-1"]
[WhiteElo "2137"]
[BlackElo "1962"]
[PlyCount "108"]
[EventDate "2013.??.??"]
[WhiteTeam "SV Dinslaken 1"]
[BlackTeam "SV Hattingen 1"]

1. d4 Nf6 2. c4 e5 3. dxe5 Ng4 4. Nf3 Bc5 5. e3 Nc6 6. a3 a5 7. b3 Ngxe5 8. Bb2
Qf6 9. Nxe5 Nxe5 10. Nc3 d6 11. Be2 O-O 12. O-O Bf5 13. Nd5 Qd8 14. b4 Ba7 15.
Bd4 c6 16. Nc3 Bb8 17. f4 Ng6 18. e4 Bd7 19. Qd2 axb4 20. axb4 Rxa1 21. Rxa1
Qe7 22. Rd1 Bc8 23. e5 Re8 24. Ne4 Nxf4 25. Qxf4 dxe5 26. Bc5 Qxc5+ 27. bxc5
exf4 28. Nd6 Bxd6 29. Rxd6 Kf8 30. Kf2 f6 31. Bd3 Ke7 32. h4 h6 33. Kf3 g5 34.
hxg5 hxg5 35. Bg6 Rd8 36. Rxd8 Kxd8 37. Ke4 Be6 38. Kd4 Ke7 39. Bh7 Kf7 40. Bd3
Bg4 41. Bh7 Kg7 42. Bd3 Kh6 43. Kc3 Kh5 44. Kb4 Kh4 45. Ka5 Kg3 46. Kb6 Kxg2
47. Kxb7 Bf3 48. Bf5 g4 49. Bd7 g3 50. Bxc6 Bxc6+ 51. Kxc6 f3 52. Kb7 f2 53. c6
f1=Q 54. c7 Qxc4 0-1

[Event "SV Hattingen 1 - SV Dinslaken 1"]
[Site "NRW-Klasse, Gruppe 1 2012/201"]
[Date "2013.03.10"]
[Round "7.6"]
[White "Marx, Henning"]
[Black "Neuer, Thomas"]
[Result "1/2-1/2"]
[WhiteElo "1910"]
[BlackElo "2040"]
[PlyCount "51"]
[EventDate "2013.??.??"]
[WhiteTeam "SV Hattingen 1"]
[BlackTeam "SV Dinslaken 1"]

1. d4 e6 2. Nf3 f5 3. g3 Nf6 4. Bg2 d5 5. O-O Bd6 6. e3 O-O 7. b3 Qe7 8. c4 c6
9. a4 a5 10. Ba3 Bxa3 11. Nxa3 Na6 12. Ne5 Bd7 13. Nc2 Be8 14. Qe1 Nb8 15. c5
Nbd7 16. Nxd7 Nxd7 17. f4 Bh5 18. b4 b6 19. cxb6 Nxb6 20. bxa5 Nc4 21. Nb4 Nxa5
22. Nd3 Rfb8 23. Nc5 Nb3 24. Nxb3 Rxb3 25. Qc1 Qd6 26. Rf2 1/2-1/2

[Event "SV Hattingen 1 - SV Dinslaken 1"]
[Site "NRW-Klasse, Gruppe 1 2012/201"]
[Date "2013.03.10"]
[Round "7.7"]
[White "Ossig, Rainer"]
[Black "Kopf, Martin"]
[Result "1-0"]
[WhiteElo "2068"]
[BlackElo "1816"]
[PlyCount "85"]
[EventDate "2013.??.??"]
[WhiteTeam "SV Dinslaken 1"]
[BlackTeam "SV Hattingen 1"]

1. Nf3 d5 2. g3 Bf5 3. Bg2 e6 4. c4 c6 5. cxd5 exd5 6. O-O Bd6 7. d3 Ne7 8. Nc3
O-O 9. e4 dxe4 10. dxe4 Be6 11. Qc2 Ng6 12. Rd1 Qc7 13. Nd4 Na6 14. Qe2 Rad8
15. Be3 Bc8 16. Rac1 Bc5 17. a3 Bxd4 18. Bxd4 c5 19. Nd5 Qc6 20. b4 Qa4 21.
bxc5 Be6 22. Qb2 Bxd5 23. exd5 f6 24. Bf1 Qd7 25. c6 bxc6 26. Bxa6 cxd5 27. Bb5
Qg4 28. Be2 Qe4 29. Bd3 Qg4 30. Bxg6 Qxg6 31. Bxa7 Rfe8 32. Qa2 Rd7 33. Be3 h5
34. Rxd5 Qf7 35. Rd2 Qxa2 36. Rxa2 Kh7 37. a4 Rd6 38. a5 Ra8 39. Rc5 g5 40. h4
gxh4 41. Rxh5+ Kg6 42. Rxh4 Rda6 43. Rha4 1-0

[Event "SV Hattingen 1 - SV Dinslaken 1"]
[Site "NRW-Klasse, Gruppe 1 2012/201"]
[Date "2013.03.10"]
[Round "7.8"]
[White "Karpenko, Nikolaj"]
[Black "Wokrina, Andre"]
[Result "0-1"]
[WhiteElo "1687"]
[BlackElo "2035"]
[PlyCount "102"]
[EventDate "2013.??.??"]
[WhiteTeam "SV Hattingen 1"]
[BlackTeam "SV Dinslaken 1"]

1. e4 e6 2. Nf3 d5 3. Nc3 Nf6 4. e5 Nfd7 5. Bb5 c5 6. O-O Be7 7. Re1 a6 8. Bf1
Nc6 9. b3 g5 10. g4 h5 11. h3 hxg4 12. hxg4 Qc7 13. Qe2 Nd4 14. Nxd4 cxd4 15.
Nd1 f6 16. f4 gxf4 17. exf6 f3 18. f7+ Kd8 19. Qf2 Qf4 20. Bg2 Bh4 21. Qxf3
Qxf3 22. Bxf3 Bxe1 23. Bb2 Bxd2 24. Bxd4 Rf8 25. Nf2 Rxf7 26. Kg2 Bg5 27. Rd1
Bf6 28. Be3 Rg7 29. Nd3 Bg5 30. Bd4 Bf6 31. Be3 Bg5 32. Bd4 Nf6 33. Bb6+ Ke7
34. Re1 Nd7 35. Bd4 Bf6 36. Bf2 Bc3 37. Re2 Nf6 38. Nf4 Kf7 39. Kg3 Bd7 40. Nh3
e5 41. Be3 Rag8 42. g5 e4 43. Bg2 Be5+ 44. Kf2 Ng4+ 45. Ke1 Nxe3 46. Rxe3 Bxh3
47. Rxh3 Rxg5 48. Bf1 Rh8 49. Re3 Rg1 50. Kf2 Bd4 51. Kxg1 Bxe3+ 0-1

[Event "SG Bochum 2 - Bielefelder SK 1"]
[Site "NRW-Klasse, Gruppe 1 2012/201"]
[Date "2013.03.10"]
[Round "7.1"]
[White "Forchert, Martin"]
[Black "Dahm, Jochen"]
[Result "1-0"]
[WhiteElo "2224"]
[BlackElo "2297"]
[PlyCount "115"]
[EventDate "2013.??.??"]
[WhiteTeam "Bielefelder SK 1"]
[BlackTeam "SG Bochum 2"]

1. e4 e5 2. Nf3 d6 3. d4 exd4 4. Qxd4 Nf6 5. Nc3 Be7 6. Bf4 O-O 7. O-O-O Nc6 8.
Qe3 Be6 9. h3 Re8 10. g4 Nd7 11. Ng5 Nb6 12. Nxe6 fxe6 13. Qd2 Rf8 14. Be3 Ne5
15. Kb1 Nbc4 16. Bxc4 Nxc4 17. Qe2 Nxe3 18. Qxe3 Bg5 19. Qe2 Qe7 20. Rd3 c6 21.
f3 b5 22. h4 Bf4 23. Qf2 d5 24. exd5 exd5 25. Re1 Qc7 26. Ne2 Rf7 27. Nxf4 Qxf4
28. Qc5 Qg3 29. Rde3 Raf8 30. Qxc6 d4 31. Re8 Qxf3 32. Rxf8+ Rxf8 33. Qxb5 Qxg4
34. Qd5+ Kh8 35. h5 Qe2 36. Rc1 Qe3 37. a3 Rc8 38. Qd7 Rb8 39. Qxa7 Qe5 40. h6
gxh6 41. b4 Rd8 42. Qb6 Qg5 43. Rd1 Rd5 44. Rf1 Rd8 45. Qc7 h5 46. Rf7 Kg8 47.
Re7 Qg1+ 48. Kb2 Rf8 49. Qc4+ Kh8 50. Qd3 Qg6 51. Qxd4+ Qf6 52. Qxf6+ Rxf6 53.
b5 h4 54. Re3 Kg8 55. a4 Rf4 56. Kb3 Rg4 57. c3 Rg1 58. a5 1-0

[Event "SG Bochum 2 - Bielefelder SK 1"]
[Site "NRW-Klasse, Gruppe 1 2012/201"]
[Date "2013.03.10"]
[Round "7.2"]
[White "Tkachuk, Konstantyn"]
[Black "Goeßling, Guido"]
[Result "1/2-1/2"]
[WhiteElo "2215"]
[BlackElo "2144"]
[PlyCount "38"]
[EventDate "2013.??.??"]
[WhiteTeam "SG Bochum 2"]
[BlackTeam "Bielefelder SK 1"]

1. e4 e5 2. Nf3 Nc6 3. Bc4 Bc5 4. b4 Bxb4 5. c3 Be7 6. d4 Na5 7. Nxe5 Nxc4 8.
Nxc4 d5 9. exd5 Qxd5 10. Ne3 Qa5 11. O-O Nf6 12. Bb2 O-O 13. Nd2 Re8 14. c4 b5
15. Nb3 Qa6 16. Nc5 Bxc5 17. dxc5 bxc4 18. Qc2 Rb8 19. Nxc4 Be6 1/2-1/2

[Event "SG Bochum 2 - Bielefelder SK 1"]
[Site "NRW-Klasse, Gruppe 1 2012/201"]
[Date "2013.03.10"]
[Round "7.3"]
[White "Simon, Hans Christian"]
[Black "Kitte, Sebastian"]
[Result "1/2-1/2"]
[WhiteElo "2129"]
[BlackElo "2244"]
[PlyCount "60"]
[EventDate "2013.??.??"]
[WhiteTeam "Bielefelder SK 1"]
[BlackTeam "SG Bochum 2"]

1. d4 d5 2. Nf3 Nc6 3. g3 Bg4 4. Bg2 Qd7 5. h3 Bf5 6. c3 h6 7. Nbd2 O-O-O 8. b4
f6 9. Nb3 e5 10. b5 Nb8 11. dxe5 fxe5 12. Nxe5 Qe8 13. Qd4 Nf6 14. O-O Bd6 15.
Nf3 Qxb5 16. Qxa7 c5 17. Qa3 Qxe2 18. Qa4 Rhf8 19. Be3 Ne4 20. Rfe1 Qa6 21.
Qxa6 Nxa6 22. Rac1 Nc7 23. Nfd2 Nxd2 24. Bxd2 Rde8 25. g4 Bd7 26. Be3 b6 27.
Rcd1 Be5 28. Rc1 Bd6 29. Rcd1 Be5 30. Rc1 Bd6 1/2-1/2

[Event "SG Bochum 2 - Bielefelder SK 1"]
[Site "NRW-Klasse, Gruppe 1 2012/201"]
[Date "2013.03.10"]
[Round "7.4"]
[White "Kahleys, Kevin"]
[Black "Gruettemeier, Uwe"]
[Result "1-0"]
[WhiteElo "2193"]
[BlackElo "2074"]
[PlyCount "81"]
[EventDate "2013.??.??"]
[WhiteTeam "SG Bochum 2"]
[BlackTeam "Bielefelder SK 1"]

1. Nf3 c6 2. d4 g6 3. g3 Nf6 4. Bg2 Bg7 5. O-O O-O 6. c4 d6 7. Nc3 Bf5 8. Ne1
e5 9. d5 cxd5 10. cxd5 Qd7 11. e4 Bh3 12. Nd3 Bxg2 13. Kxg2 Na6 14. f3 Rac8 15.
Be3 b6 16. Qd2 Nc5 17. Nb4 Nb7 18. Qe2 Na5 19. Rac1 Nh5 20. Qb5 Qb7 21. Qd3 Nc4
22. Nb5 Nxe3+ 23. Qxe3 Qd7 24. Rxc8 Rxc8 25. Nc6 f5 26. Qa3 fxe4 27. fxe4 Bf8
28. Qxa7 Qg4 29. Qf7+ Kh8 30. Qf3 Qd7 31. h3 Bg7 32. Qf7 Qxf7 33. Rxf7 Bf8 34.
Rb7 Ra8 35. a3 Ra4 36. b4 Bh6 37. Ra7 Rxa7 38. Ncxa7 Nf6 39. Kf3 Ne8 40. Nc8
Bc1 41. Nxb6 1-0

[Event "SG Bochum 2 - Bielefelder SK 1"]
[Site "NRW-Klasse, Gruppe 1 2012/201"]
[Date "2013.03.10"]
[Round "7.5"]
[White "Danielmeier, Ralf"]
[Black "Mazarov, Juergen"]
[Result "1/2-1/2"]
[WhiteElo "2081"]
[BlackElo "2131"]
[PlyCount "26"]
[EventDate "2013.??.??"]
[WhiteTeam "Bielefelder SK 1"]
[BlackTeam "SG Bochum 2"]

1. e4 c5 2. Nc3 a6 3. g3 b5 4. Bg2 Bb7 5. d3 e6 6. Nf3 d6 7. O-O Nf6 8. Nh4 Nc6
9. f4 Be7 10. f5 e5 11. Bg5 Nd4 12. Nf3 Nd7 13. Be3 Nb6 1/2-1/2

[Event "SG Bochum 2 - Bielefelder SK 1"]
[Site "NRW-Klasse, Gruppe 1 2012/201"]
[Date "2013.03.10"]
[Round "7.6"]
[White "Werthebach, Felix"]
[Black "Ebert, Karsten"]
[Result "1-0"]
[WhiteElo "2145"]
[BlackElo "1869"]
[Annotator "Doe,John"]
[PlyCount "105"]
[EventDate "2013.??.??"]
[WhiteTeam "SG Bochum 2"]
[BlackTeam "Bielefelder SK 1"]

1. c4 Nf6 2. g3 g6 3. Bg2 Bg7 4. Nc3 O-O 5. e4 d6 6. Nge2 c5 7. O-O Nc6 8. d3
Nd4 9. f4 e5 10. h3 Rb8 11. Be3 a6 12. Qd2 b5 13. Rae1 b4 14. Nd1 Nh5 15. Bxd4
cxd4 16. f5 g5 17. Bf3 Nf4 18. gxf4 gxf4 19. Kh2 Bf6 20. Rg1+ Kh8 21. Rg2 Bd7
22. Reg1 a5 23. Nf2 Bh4 24. Qd1 Bxf2 25. Rxf2 Qh4 26. Rfg2 Rg8 27. Qf1 f6 28.
Rg4 Rxg4 29. Rxg4 Qh6 30. Qg1 Rf8 31. h4 Be8 32. Qf2 Bh5 33. Rg2 Rg8 34. Rxg8+
Kxg8 $11 35. Kh3 Kf7 36. Ng1 Ke7 37. Qe2 Be8 38. Qg2 Bf7 39. Qe2 Be8 40. Qe1
Qg7 41. Ne2 Kf8 42. a3 Qb7 43. axb4 axb4 44. Qa1 Qc6 45. Qa5 Qa4 46. Qxa4 Bxa4
47. Nc1 Bc2 48. b3 Kg7 49. Kg2 Kf8 50. Kf2 Kg7 51. Ke2 Kf8 52. Kd2 Bb1 53. Ne2
1-0

[Event "SG Bochum 2 - Bielefelder SK 1"]
[Site "NRW-Klasse, Gruppe 1 2012/201"]
[Date "2013.03.10"]
[Round "7.7"]
[White "Schulte, Jens"]
[Black "Tkachuk, Sergij"]
[Result "1/2-1/2"]
[WhiteElo "1798"]
[BlackElo "2164"]
[PlyCount "78"]
[EventDate "2013.??.??"]
[WhiteTeam "Bielefelder SK 1"]
[BlackTeam "SG Bochum 2"]

1. d4 Nf6 2. Bf4 g6 3. Nf3 Bg7 4. e3 O-O 5. Be2 d5 6. Nbd2 Nh5 7. Be5 f6 8. Bg3
Nxg3 9. hxg3 e5 10. c4 c6 11. Qb3 Rf7 12. cxd5 cxd5 13. dxe5 fxe5 14. e4 Be6
15. exd5 Bxd5 16. Bc4 Bxc4 17. Nxc4 Nc6 18. Rd1 Nd4 19. Nxd4 exd4 20. O-O Qd5
21. Nd2 Rd8 22. Rfe1 Qxb3 23. Nxb3 Rc7 24. Rd2 b6 25. Red1 Rc4 26. Nc1 Kf7 27.
Nd3 Rdc8 28. Re2 Rc2 29. Re4 Re8 30. Rxe8 Kxe8 31. g4 g5 32. Kh2 Kd7 33. Kg3 a5
34. Kf3 Kd6 35. Ke4 Ke6 36. g3 b5 37. a3 Re2+ 38. Kf3 Rc2 39. Ke4 Re2+ 1/2-1/2

[Event "SG Bochum 2 - Bielefelder SK 1"]
[Site "NRW-Klasse, Gruppe 1 2012/201"]
[Date "2013.03.10"]
[Round "7.8"]
[White "Nikolaiczuk, Lothar"]
[Black "Fattah, Samir"]
[Result "1-0"]
[WhiteElo "2194"]
[BlackElo "1815"]
[PlyCount "35"]
[EventDate "2013.??.??"]
[WhiteTeam "SG Bochum 2"]
[BlackTeam "Bielefelder SK 1"]

1. Nf3 Nf6 2. c4 c5 3. g3 g6 4. Bg2 Bg7 5. O-O O-O 6. Nc3 Nc6 7. a3 d6 8. Rb1
Bd7 9. b4 b6 10. d3 Rb8 11. Bd2 e5 12. Ne1 Ne8 13. Nc2 Nc7 14. Ne3 f5 15. Ned5
Nxd5 16. Nxd5 Be6 17. Qa4 Qd7 18. Qxc6 1-0

[Event "SC Bocholt 1 - LSV Turm Lippstadt 1"]
[Site "NRW-Klasse, Gruppe 1 2012/201"]
[Date "2013.03.10"]
[Round "7.1"]
[White "Wehmeier, Stefan"]
[Black "Fuest, Martin"]
[Result "1/2-1/2"]
[WhiteElo "2388"]
[BlackElo "2082"]
[PlyCount "61"]
[EventDate "2013.??.??"]
[WhiteTeam "LSV Turm Lippstadt 1"]
[BlackTeam "SC Bocholt 1"]

1. e4 d5 2. exd5 Qxd5 3. Nc3 Qd6 4. g3 c6 5. Bg2 Nf6 6. Nf3 Bg4 7. O-O e6 8. h3
Bh5 9. d4 Be7 10. Bf4 Bxf3 11. Qxf3 Qd8 12. Rad1 O-O 13. Ne2 Qa5 14. a3 Nbd7
15. c4 Rac8 16. b4 Qd8 17. Qb3 b5 18. cxb5 cxb5 19. Nc3 Nb6 20. Nxb5 Nfd5 21.
Nxa7 Rc3 22. Bxd5 Rxb3 23. Bxb3 Qd7 24. d5 exd5 25. a4 Qxa7 26. a5 Bxb4 27.
axb6 Qxb6 28. Rxd5 Bd2 29. Rxd2 Qxb3 30. Rfd1 h6 31. Rd3 1/2-1/2

[Event "SC Bocholt 1 - LSV Turm Lippstadt 1"]
[Site "NRW-Klasse, Gruppe 1 2012/201"]
[Date "2013.03.10"]
[Round "7.2"]
[White "Steiner, Karl"]
[Black "Matthias, Heiner"]
[Result "0-1"]
[WhiteElo "1974"]
[BlackElo "2320"]
[PlyCount "88"]
[EventDate "2013.??.??"]
[WhiteTeam "SC Bocholt 1"]
[BlackTeam "LSV Turm Lippstadt 1"]

1. e4 c5 2. Nc3 Nc6 3. Nf3 d6 4. Bb5 e5 5. Bxc6+ bxc6 6. d3 g6 7. O-O Bg7 8.
Ne1 Ne7 9. f4 exf4 10. Bxf4 O-O 11. Qd2 f5 12. Bh6 Bxh6 13. Qxh6 Qb6 14. Nf3
Rf7 15. Rab1 d5 16. exd5 cxd5 17. Rfe1 Qd6 18. Re5 Bd7 19. Rbe1 d4 20. Rxe7
Rxe7 21. Rxe7 Qxe7 22. Nd5 Qf7 23. Nf4 Re8 24. h4 Qg7 25. Qg5 Bc6 26. Nd2 Qe7
27. Qxe7 Rxe7 28. Kf2 Rb7 29. Nc4 Rb8 30. b3 Bb5 31. Nd6 Bd7 32. Nd5 Be6 33.
Nf6+ Kf8 34. Nxh7+ Ke7 35. Nc4 Bxc4 36. dxc4 Rh8 37. Ng5 Rxh4 38. Nf3 Re4 39.
Ne1 Kd6 40. Nd3 g5 41. Kf3 Re3+ 42. Kf2 f4 43. a3 a5 44. Nb2 Rc3 0-1

[Event "SC Bocholt 1 - LSV Turm Lippstadt 1"]
[Site "NRW-Klasse, Gruppe 1 2012/201"]
[Date "2013.03.10"]
[Round "7.3"]
[White "Fecke, Andreas"]
[Black "Liesmann, Karsten"]
[Result "1-0"]
[WhiteElo "2108"]
[BlackElo "1997"]
[PlyCount "111"]
[EventDate "2013.??.??"]
[WhiteTeam "LSV Turm Lippstadt 1"]
[BlackTeam "SC Bocholt 1"]

1. d4 e6 2. c4 f5 3. Nc3 Nf6 4. g3 Bb4 5. Bg2 O-O 6. e3 d6 7. Nge2 Nc6 8. a3
Bxc3+ 9. Nxc3 e5 10. O-O Qe8 11. Nd5 Nxd5 12. cxd5 Nd8 13. dxe5 dxe5 14. Bd2
Rf6 15. Bc3 Rh6 16. f4 e4 17. Rf2 Nf7 18. Qd4 Rg6 19. Rc1 Bd7 20. Bh3 Nd6 21.
Bb4 Nb5 22. Qe5 Qf7 23. Qe7 a5 24. Qxf7+ Kxf7 25. Be1 c6 26. dxc6 Rxc6 27. Rxc6
bxc6 28. Rc2 g6 29. Bf1 a4 30. Bb4 Nc7 31. Rc5 Nd5 32. Bc4 Ke6 33. Kf2 Be8 34.
Ke2 Bd7 35. b3 h5 36. bxa4 Rxa4 37. Kd2 h4 38. gxh4 Ra8 39. Ra5 Rh8 40. Bxd5+
cxd5 41. Ra6+ Kf7 42. Kc3 Rxh4 43. Kd4 Rxh2 44. Ke5 Rc2 45. Kd6 Bb5 46. Ra7+
Ke8 47. Ke6 Rc6+ 48. Bd6 Ba6 49. Kxd5 Rb6 50. Kc5 Rb5+ 51. Kc6 Ra5 52. Re7+ Kd8
53. Bb4 Ra4 54. Rh7 Ke8 55. Re7+ Kd8 56. Re5 1-0

[Event "SC Bocholt 1 - LSV Turm Lippstadt 1"]
[Site "NRW-Klasse, Gruppe 1 2012/201"]
[Date "2013.03.10"]
[Round "7.4"]
[White "Gajic, Goran"]
[Black "Grobbel, Rainer"]
[Result "0-1"]
[WhiteElo "1956"]
[BlackElo "2068"]
[Annotator "Doe,John"]
[PlyCount "110"]
[EventDate "2013.??.??"]
[WhiteTeam "SC Bocholt 1"]
[BlackTeam "LSV Turm Lippstadt 1"]

1. f4 g6 2. Nf3 Bg7 3. e3 Nf6 4. c4 c5 5. Nc3 O-O 6. Be2 Nc6 7. O-O d5 8. d3 d4
9. exd4 Nxd4 10. Nxd4 Qxd4+ 11. Kh1 Rd8 12. Nb5 Qd7 13. Be3 b6 14. Bf3 $11 Rb8
15. Qe2 Ba6 16. Rad1 Bxb5 17. cxb5 Qxb5 18. f5 Nd5 19. Bc1 Bf6 20. fxg6 hxg6
21. Be4 Qd7 22. Qf3 Nb4 23. Bg5 Qd4 24. Bxf6 exf6 25. Qxf6 Qxf6 26. Rxf6 Nd5
27. Rf2 f5 28. Bxd5+ Rxd5 29. Kg1 Rbd8 30. Rfd2 Kf7 31. Kf2 Kf6 32. Ke3 Ke5 33.
Re1 Rd4 34. b3 R8d7 35. g3 g5 36. Kf3+ Kf6 37. Red1 f4 38. g4 Rh7 39. Kg2 Re7
40. Rc2 Re3 41. Rcd2 Ke5 42. Kf2 Kd6 43. Rh1 Rh3 44. Kg2 Rhxd3 45. Rf2 Ke5 46.
Re1+ Re4 47. Ref1 Kd5 48. Rc1 a5 49. Rb1 b5 50. Rc1 c4 51. bxc4+ bxc4 52. Rb1
Kd4 53. Rb5 Re5 54. Rb8 c3 55. Rc8 Rd2 0-1

[Event "SC Bocholt 1 - LSV Turm Lippstadt 1"]
[Site "NRW-Klasse, Gruppe 1 2012/201"]
[Date "2013.03.10"]
[Round "7.6"]
[White "Hunhoff, Sebastian"]
[Black "Schroeder, Kevin"]
[Result "1-0"]
[WhiteElo "1804"]
[BlackElo "2019"]
[PlyCount "85"]
[EventDate "2013.??.??"]
[WhiteTeam "SC Bocholt 1"]
[BlackTeam "LSV Turm Lippstadt 1"]

1. c4 c5 2. Nc3 Nc6 3. e4 g6 4. g3 Bg7 5. Bg2 e6 6. Nge2 Nge7 7. O-O O-O 8. d3
f5 9. Be3 d6 10. Qd2 Nd4 11. Bh6 e5 12. Bxg7 Kxg7 13. f4 fxe4 14. dxe4 Bg4 15.
Nxd4 cxd4 16. Nd5 Nxd5 17. cxd5 Qb6 18. Bf3 Bxf3 19. Rxf3 Rac8 20. Rc1 d3+ 21.
Kg2 Rxc1 22. Qxc1 Qd4 23. Qe3 Qxb2+ 24. Rf2 Qd4 25. Qxd4 exd4 26. Rd2 Rc8 27.
Rxd3 Rc2+ 28. Kf3 Rxa2 29. Rxd4 Kf6 30. e5+ Ke7 31. Rb4 b6 32. Rc4 b5 33. Rc7+
Kd8 34. Rb7 a6 35. e6 Ke8 36. Rd7 a5 37. Rxd6 Rd2 38. Ke4 a4 39. Rb6 a3 40.
Rxb5 a2 41. Ra5 Ke7 42. Ra7+ Kf6 43. Rf7# 1-0

[Event "SC Bocholt 1 - LSV Turm Lippstadt 1"]
[Site "NRW-Klasse, Gruppe 1 2012/201"]
[Date "2013.03.10"]
[Round "7.7"]
[White "Laurenz, Waldemar"]
[Black "Hunhoff, Andreas"]
[Result "1/2-1/2"]
[WhiteElo "1847"]
[BlackElo "1802"]
[PlyCount "42"]
[EventDate "2013.??.??"]
[WhiteTeam "LSV Turm Lippstadt 1"]
[BlackTeam "SC Bocholt 1"]

1. Nf3 d5 2. g3 Nc6 3. d4 e6 4. Bg2 Nf6 5. O-O Be7 6. Bf4 O-O 7. Nbd2 b6 8. c4
Bb7 9. Rc1 Rc8 10. a3 Bd6 11. Bxd6 cxd6 12. cxd5 Nxd5 13. e4 Nde7 14. Qe2 Ng6
15. h4 Re8 16. Qd3 Nce7 17. h5 Nf8 18. Bh3 h6 19. Rfe1 Rxc1 20. Rxc1 Qb8 21.
Rc3 Rc8 1/2-1/2

[Event "SC Bocholt 1 - LSV Turm Lippstadt 1"]
[Site "NRW-Klasse, Gruppe 1 2012/201"]
[Date "2013.03.10"]
[Round "7.8"]
[White "Boeing, Frank"]
[Black "Hagenhoff, Georg"]
[Result "1/2-1/2"]
[WhiteElo "1872"]
[BlackElo "1874"]
[PlyCount "37"]
[EventDate "2013.??.??"]
[WhiteTeam "SC Bocholt 1"]
[BlackTeam "LSV Turm Lippstadt 1"]

1. d4 d5 2. Nf3 Nf6 3. Bg5 e6 4. e3 Be7 5. Nbd2 b6 6. c3 O-O 7. Rc1 c5 8. Bd3
Bb7 9. O-O Nbd7 10. Qe2 a5 11. Rfe1 Ne4 12. Bf4 g5 13. Bxe4 dxe4 14. Nxg5 Bxg5
15. Qg4 h6 16. h4 Nf6 17. Qg3 Nh5 18. Qg4 Nf6 19. Qg3 1/2-1/2

[Event "SK Münster 2 - SV Letmathe 1"]
[Site "NRW-Klasse, Gruppe 1 2012/201"]
[Date "2013.03.10"]
[Round "7.1"]
[White "Podzielny, Karl-Heinz"]
[Black "Emunds, Hans Georg"]
[Result "1/2-1/2"]
[WhiteElo "2357"]
[BlackElo "2179"]
[PlyCount "81"]
[EventDate "2013.??.??"]
[WhiteTeam "SV Letmathe 1"]
[BlackTeam "SK Münster 2"]

1. Nf3 Nf6 2. g3 b5 3. Bg2 Bb7 4. a4 b4 5. O-O e6 6. d3 d5 7. Nbd2 Be7 8. e4 c5
9. exd5 exd5 10. d4 O-O 11. dxc5 Nbd7 12. c6 Bxc6 13. Nd4 Rc8 14. Nxc6 Rxc6 15.
Nb3 Bc5 16. Bf4 Bb6 17. a5 Bc7 18. Nd4 Rc5 19. Be3 Rxa5 20. Nc6 Rxa1 21. Qxa1
Qa8 22. Nxb4 Bb6 23. Re1 Qb7 24. Bxb6 Nxb6 25. b3 Qc7 26. Qd4 Rd8 27. Re3 h6
28. h3 Rd6 29. Rc3 Qd7 30. Nd3 Qe7 31. Nf4 Qe1+ 32. Kh2 Qe7 33. Re3 Qd8 34. Qc5
Rd7 35. Qa5 Qc7 36. Re2 Qd6 37. Nd3 Re7 38. Rxe7 Qxe7 39. Bf3 Qc7 40. Qd2 Qd6
41. Qa5 1/2-1/2

[Event "SK Münster 2 - SV Letmathe 1"]
[Site "NRW-Klasse, Gruppe 1 2012/201"]
[Date "2013.03.10"]
[Round "7.2"]
[White "Mueschenich, Stefan"]
[Black "Adamski, Jan"]
[Result "1/2-1/2"]
[WhiteElo "2106"]
[BlackElo "2299"]
[PlyCount "44"]
[EventDate "2013.??.??"]
[WhiteTeam "SK Münster 2"]
[BlackTeam "SV Letmathe 1"]

1. e4 c5 2. Nf3 a6 3. g3 e6 4. Bg2 d6 5. d4 cxd4 6. Nxd4 Qc7 7. a4 b6 8. Nc3
Bb7 9. Be3 Nf6 10. O-O Be7 11. h3 O-O 12. g4 Nc6 13. Nde2 d5 14. exd5 Rad8 15.
g5 Nxd5 16. Nxd5 exd5 17. c3 Bc5 18. Nd4 Rfe8 19. Re1 Nxd4 20. Bxd4 Qf4 21.
Rxe8+ Rxe8 22. Qc1 Qxc1+ 1/2-1/2

[Event "SK Münster 2 - SV Letmathe 1"]
[Site "NRW-Klasse, Gruppe 1 2012/201"]
[Date "2013.03.10"]
[Round "7.3"]
[White "Webb, Laurence"]
[Black "Rehfeldt, Frank"]
[Result "1-0"]
[WhiteElo "2250"]
[BlackElo "2142"]
[PlyCount "77"]
[EventDate "2013.??.??"]
[WhiteTeam "SV Letmathe 1"]
[BlackTeam "SK Münster 2"]

1. e4 c6 2. d4 d5 3. e5 Bf5 4. Nf3 e6 5. Be2 Nd7 6. O-O Ne7 7. Nh4 Bg6 8. Nd2
c5 9. c3 Nc6 10. Nxg6 hxg6 11. Nf3 cxd4 12. cxd4 Qb6 13. Be3 Ndb8 14. Rb1 a5
15. a3 Be7 16. Qd2 O-O 17. h4 a4 18. Bg5 Bxg5 19. hxg5 Na5 20. g3 Nbc6 21. Rfd1
Rfc8 22. Kg2 Kf8 23. Qf4 Nb3 24. Rd3 Ke7 25. Rh1 Rh8 26. Rxh8 Rxh8 27. Bd1 Qb5
28. Rc3 Nba5 29. Qc1 Nc4 30. b3 axb3 31. Rxb3 Qa6 32. a4 Rc8 33. Be2 N6a5 34.
Rb5 Rc6 35. Qc3 Ke8 36. Qb4 Rb6 37. Nd2 Nc6 38. Qc5 Nd8 39. Nxc4 1-0

[Event "SK Münster 2 - SV Letmathe 1"]
[Site "NRW-Klasse, Gruppe 1 2012/201"]
[Date "2013.03.10"]
[Round "7.4"]
[White "Virnyi, Julius"]
[Black "Oswald, Hans-Joachim"]
[Result "1-0"]
[WhiteElo "2056"]
[BlackElo "2210"]
[PlyCount "115"]
[EventDate "2013.??.??"]
[WhiteTeam "SK Münster 2"]
[BlackTeam "SV Letmathe 1"]

1. d4 Nf6 2. c4 c5 3. d5 b5 4. cxb5 a6 5. e3 axb5 6. Bxb5 Qa5+ 7. Nc3 Bb7 8.
Bd2 Qb6 9. Bc4 e6 10. e4 Nxe4 11. Nge2 Nf6 12. Nf4 Be7 13. O-O Ba6 14. Bxa6
Nxa6 15. Re1 O-O 16. b3 Rfe8 17. Qf3 Nb4 18. Rec1 Nbxd5 19. Nfxd5 Nxd5 20. Nxd5
exd5 21. Qxd5 Bf6 22. Rab1 Rxa2 23. b4 Qe6 24. Re1 Be5 25. Rxe5 Qxe5 26. Qxa2
cxb4 27. Bxb4 h6 28. h3 Re6 29. Re1 Qf4 30. Rxe6 dxe6 31. Qd2 Qc4 32. Bc3 Qe4
33. Qd4 Qb1+ 34. Kh2 f6 35. Qg4 e5 36. Bd2 Kh7 37. f3 Kh8 38. Qe4 Qb8 39. Be3
Qc7 40. Qa8+ Kh7 41. Qe4+ Kh8 42. Qf5 Qf7 43. h4 Qf8 44. h5 Qb4 45. Qg4 Qe7 46.
Qg6 Qf8 47. Bd2 Qe7 48. Kg3 Qf8 49. Kh4 Qd8 50. Bxh6 gxh6 51. Qxh6+ Kg8 52.
Qg6+ Kh8 53. h6 Qe7 54. Kh5 Qf8 55. h7 f5 56. Qg8+ Qxg8 57. hxg8=Q+ Kxg8 58.
Kg5 1-0

[Event "SK Münster 2 - SV Letmathe 1"]
[Site "NRW-Klasse, Gruppe 1 2012/201"]
[Date "2013.03.10"]
[Round "7.5"]
[White "Soukup, Jiri"]
[Black "Kubo, Thomas"]
[Result "1-0"]
[WhiteElo "2278"]
[BlackElo "2008"]
[PlyCount "39"]
[EventDate "2013.??.??"]
[WhiteTeam "SV Letmathe 1"]
[BlackTeam "SK Münster 2"]

1. e4 c6 2. f4 d5 3. e5 Bf5 4. d3 h5 5. Be2 e6 6. Be3 c5 7. Nf3 Nc6 8. Nbd2 Bg4
9. O-O Nh6 10. c3 Be7 11. h3 Nf5 12. Bf2 Bxf3 13. Bxf3 g5 14. fxg5 Nxe5 15.
Bxh5 Bxg5 16. Nf3 Ne3 17. Qa4+ Ke7 18. Nxg5 Nxf1 19. Bxc5+ Kf6 20. Qf4+ 1-0

[Event "SK Münster 2 - SV Letmathe 1"]
[Site "NRW-Klasse, Gruppe 1 2012/201"]
[Date "2013.03.10"]
[Round "7.6"]
[White "Kammers, Heribert"]
[Black "Gruermann, Martin"]
[Result "0-1"]
[WhiteElo "2085"]
[BlackElo "2144"]
[PlyCount "50"]
[EventDate "2013.??.??"]
[WhiteTeam "SK Münster 2"]
[BlackTeam "SV Letmathe 1"]

1. d4 d5 2. c4 Nc6 3. Nc3 e5 4. dxe5 d4 5. Nd5 Be6 6. Qb3 Nxe5 7. Bf4 Bxd5 8.
Bxe5 Bc6 9. O-O-O Qg5+ 10. f4 Qg4 11. Qh3 Nh6 12. Rxd4 Bc5 13. Rd3 f6 14. Bxc7
Rc8 15. Ba5 Qxf4+ 16. Kc2 O-O 17. Qe6+ Kh8 18. Nh3 Qe4 19. Qxe4 Bxe4 20. Nf4
Ng4 21. Be1 Be3 22. Ne6 Rfe8 23. h3 Ne5 24. Kb3 Bxd3 25. exd3 Rxe6 0-1

[Event "SK Münster 2 - SV Letmathe 1"]
[Site "NRW-Klasse, Gruppe 1 2012/201"]
[Date "2013.03.10"]
[Round "7.7"]
[White "Hunold, Rolf"]
[Black "Kaufhold, Thomas"]
[Result "1/2-1/2"]
[WhiteElo "1974"]
[BlackElo "2015"]
[PlyCount "42"]
[EventDate "2013.??.??"]
[WhiteTeam "SV Letmathe 1"]
[BlackTeam "SK Münster 2"]

1. e4 Nf6 2. e5 Nd5 3. d4 d6 4. Nf3 g6 5. Be2 Bg7 6. O-O O-O 7. c4 Nb6 8. Be3
Nc6 9. exd6 cxd6 10. h3 d5 11. c5 Nc4 12. Bxc4 dxc4 13. Na3 e5 14. dxe5 Bf5 15.
Qxd8 Raxd8 16. Nxc4 Bd3 17. Rfc1 Be2 18. Rab1 Bd3 19. Ra1 Be2 20. Rab1 Bd3 21.
Ra1 Be2 1/2-1/2